2020 NFL Head Coaches - Statistics

General Stats
  • This quiz has been taken 61 times
    59 since last reset
  • The average score is 26 of 32
Answer Stats
Team Head Coach % Correct
New England Patriots Bill Belichick
98%
Kansas City Chief Andy Reid
96%
Seattle Seahawks Pete Carroll
96%
Baltimore Ravens John Harbaugh
94%
Pittsburgh Steelers Mike Tomlin
94%
New Orleans Saints Sean Payton
94%
Tampa Bay Buccaneers Bruce Arians
92%
Washington Football Team Ron Rivera
92%
Los Angeles Rams Sean McVay
90%
Dallas Cowboys Mike McCarthy
88%
San Francisco 49ers Kyle Shanahan
85%
Green Bay Packers Matt LaFleur
85%
Philadelphia Eagles Doug Pederson
83%
Las Vegas Raides Jon Gruden
81%
Chicago Bears Matt Nagy
81%
Tennessee Titans Mike Vrabel
81%
Buffalo Bills Sean McDermott
81%
New York Jets Adam Gase
79%
Cleveland Browns Kevin Stefanski
79%
Detroit Lions Matt Patricia
79%
Indianapolis Colts Frank Reich
75%
New York Giants Joe Judge
75%
Houston Texans Bill O'Brien
73%
Miami Dolphins Brian Flores
73%
Arizona Cardinals Kliff Kingsbury
73%
Cincinnati Bengals Zac Taylor
73%
Minnesota Vikings Mike Zimmer
71%
Atlants Falcons Dan Quinn
69%
Carolina Panthers Matt Rhule
63%
Los Angeles Chargers Anthony Lynn
58%
Denver Broncos Vic Fangio
54%
Jacksonville Jaguars Doug Marrone
48%
No matching quizzes found
Score Distribution
Percent of People with Each Score
Percentile by Number Answered
Your Score History
You have not taken this quiz since the last reset